Aspettami /

সংরক্ষণ করুন:
গ্রন্থ-পঞ্জীর বিবরন
প্রধান লেখক: Buoso, Barbara (লেখক)
অন্যান্য লেখক: Palombelli, Barbara
বিন্যাস: গ্রন্থ
ভাষা:ইতালিয়
প্রকাশিত: Roma : Edizioni Libreria Croce, stampa 2003
মালা:L'erba voglio
ট্যাগগুলো: ট্যাগ যুক্ত করুন
কোনো ট্যাগ নেই, প্রথমজন হিসাবে ট্যাগ করুন!

MARC

LEADER 00000nam a22000007i 4500
001 IT\ICCU\TO0\1275422
003 ItRI
005 20240305173757.0
008 031211s2003 it |||||| ||||| |||||c
020 |a 8887323747 
040 |b ita  |c GP 
041 7 |a ita  |2 ISO-639-2 
100 1 |a Buoso, Barbara  |0 IT\ICCU\TO0V\502180  |4 aut 
245 1 0 |a Aspettami /  |c Barbara Buoso ; [prefazione di Barbara Palombelli!. 
260 |a Roma :  |b Edizioni Libreria Croce,  |c stampa 2003 
300 |a 95 p. ;  |c 21 cm. 
700 1 |a Palombelli, Barbara  |0 IT\ICCU\PALV\040305 
830 2 |a L'erba voglio  |0 IT\ICCU\TO0\1275423 
942 |2 ddc  |c BK 
952 |0 0  |1 0  |2 ddc  |4 0  |6 853_920000000000000_BUO  |7 1  |9 841  |a RM  |b RM  |d 2024-03-05  |l 0  |o 853.92 BUO  |p 380  |r 2024-03-05 17:38:31  |w 2024-03-05  |y BK 
981 1 |6 z01  |a i   |b xxxe  
982 1 |6 z01  |a n 
999 |c 799  |d 799